000 00440nam a22001937a 4500
003 MPLRDC
005 20220104150043.0
008 210129b ||||| |||| 00| 0 eng d
020 _a957-467-162-3
082 _a192.1 LSH
100 _a赖淑惠
245 _a用魅力活化心灵
_c
250 _a初版
260 _a
_b水晶
_c2001
300 _b
490 _a智慧万象. 02
650 _a修身
942 _cBK
_o192.1 LSH
999 _c51660
_d51650